[Event "CRO-chT (Women) 27th"]
[Site "Biograd"]
[Date "2018.09.08"]
[Round "1.53"]
[White "Sambolec, Andreja"]
[Black "Cvitan, Ena"]
[Result "0-1"]
[WhiteElo "1864"]
[BlackElo "2009"]
[PlyCount "50"]
[EventDate "2018.09.08"]
[EventType "team-tourn"]
[EventRounds "9"]
[EventCountry "CRO"]
[SourceTitle "CBM 186 Extra"]
[Source "ChessBase"]
[SourceDate "2018.08.24"]
[SourceVersion "1"]
[SourceVersionDate "2018.08.24"]
[SourceQuality "1"]
[WhiteTeam "Cakovec (W)"]
[BlackTeam "Rijeka Liburnija (W)"]
[WhiteTeamCountry "CRO"]
[BlackTeamCountry "CRO"]

1. e4 c6 2. d4 d5 3. e5 Bf5 4. Nf3 e6 5. Be2 Ne7 6. 0-0 h6 7. c4 dxc4 8. Bxc4 Nd7 9. Nh4 Nb6 10. Bb3 Bh7 11. Nc3 Ned5 12. Nf3 Be7 13. a4 Nb4 14. Be3 a5 15. Nd2 N6d5 16. Nde4 0-0 17. Qg4 Kh8 18. Rad1 Qb6 19. Nc5 Nxe3 20. fxe3 Bxc5 21. dxc5 Qxc5 22. Qf4 Nd3 23. Qg3 Qxe5 24. Qf3 Nxb2 25. Rd7 Qxc3 0-1

[Event "CRO-chT3B Center North"]
[Site "Cakovec"]
[Date "2010.10.02"]
[Round "6.23"]
[White "Sambolec, Andreja"]
[Black "Tramburovski, Stevan"]
[Result "1-0"]
[WhiteElo "1865"]
[BlackElo "1864"]
[PlyCount "51"]
[EventDate "2010.03.27"]
[EventType "team-tourn"]
[EventRounds "9"]
[EventCountry "CRO"]
[SourceTitle "EXT 2012"]
[Source "ChessBase"]
[SourceDate "2011.11.24"]
[SourceVersion "1"]
[SourceVersionDate "2011.11.24"]
[SourceQuality "1"]

1. e4 e6 2. d4 d5 3. e5 c5 4. c3 Nc6 5. f4 cxd4 6. cxd4 Qb6 7. Nf3 Bb4+ 8. Nc3 Nh6 9. a3 Be7 10. Bd3 Na5 11. Bc2 Bd7 12. 0-0 0-0 13. Kh1 Bc6 14. Ng5 g6 15. g4 Rfe8 16. f5 exf5 17. gxf5 Bf8 18. Nxh7 Kxh7 19. fxg6+ fxg6 20. Bxh6 Bxh6 21. Qh5 Re6 22. Rf7+ Kg8 23. Bxg6 Be8 24. Qxh6 Bxf7 25. Qh7+ Kf8 26. Qxf7# 1-0

[Event "CRO-ch U17 Girls"]
[Site "Bjelolasica"]
[Date "2007.07.31"]
[Round "3"]
[White "Purgar, Ivona"]
[Black "Sambolec, Andreja"]
[Result "1-0"]
[WhiteElo "1944"]
[BlackElo "1870"]
[PlyCount "49"]
[EventDate "2007.07.30"]
[EventType "tourn"]
[EventRounds "9"]
[EventCountry "CRO"]
[SourceTitle "CBM 119 Extra"]
[Source "ChessBase"]
[SourceDate "2007.09.04"]
[SourceVersion "1"]
[SourceVersionDate "2007.09.04"]
[SourceQuality "1"]

1. e4 c5 2. Nf3 e6 3. d4 cxd4 4. Nxd4 Nf6 5. Nc3 d6 6. Be2 Be7 7. 0-0 0-0 8. f4 Nc6 9. Be3 Bd7 10. Nb3 Qc7 11. Bf3 e5 12. f5 Rfd8 13. Qe1 Be8 14. Qg3 a5 15. Nd5 Nxd5 16. exd5 Nb8 17. Bh6 g6 18. Be4 Qc4 19. Bd3 Qxd5 20. c4 Qc6 21. f6 Qb6+ 22. Be3 Qc7 23. fxe7 Rc8 24. Bg5 Nc6 25. Qh4 1-0

[Event "Busevec op U20 Girls"]
[Site "Busevec"]
[Date "2007.04.30"]
[Round "5"]
[White "Topic, Jelena"]
[Black "Sambolec, Andreja"]
[Result "1-0"]
[WhiteElo "1877"]
[BlackElo "1851"]
[PlyCount "120"]
[EventDate "2007.04.28"]
[EventType "swiss"]
[EventRounds "7"]
[EventCountry "CRO"]
[SourceTitle "EXT 2009"]
[Source "ChessBase"]
[SourceDate "2008.11.26"]
[SourceVersion "1"]
[SourceVersionDate "2008.11.26"]
[SourceQuality "1"]

1. e4 c5 2. Nf3 e6 3. d3 Nf6 4. g3 Nc6 5. c3 d5 6. e5 Nd7 7. d4 Qb6 8. a3 Qa5 9. Bg2 cxd4 10. b4 Qa6 11. Bf1 b5 12. Nxd4 Ncxe5 13. Bxb5 Qb7 14. f4 Nc4 15. Bc6 Qb8 16. Bxa8 Qxa8 17. a4 Be7 18. Na3 0-0 19. 0-0 e5 20. Nf5 Bd8 21. Nxc4 dxc4 22. Ne3 exf4 23. Rxf4 Ne5 24. Qd5 Qb8 25. a5 Bb7 26. Qd1 Nd3 27. Rxc4 Nxc1 28. Qxc1 Bg5 29. Rc5 Bh6 30. Rh5 Qe8 31. Rxh6 gxh6 32. Kf2 Qe4 33. Qd1 f5 34. Qe2 Rc8 35. Rc1 Re8 36. Qc4+ Qxc4 37. Nxc4 Ba6 38. Ne3 Rf8 39. Nd5 Bc4 40. Nf4 Rd8 41. Ke3 Kf7 42. Rc2 a6 43. Rd2 Re8+ 44. Kf3 Bb5 45. Rd6 Rc8 46. Nd5 Bc6 47. c4 Bxd5+ 48. cxd5 Rc4 49. Rb6 Rd4 50. Ke3 Rxd5 51. Rxa6 Ke7 52. Rxh6 Kd7 53. a6 Kc7 54. Rxh7+ Kb8 55. Rb7+ Ka8 56. Rf7 Rb5 57. h4 Rxb4 58. h5 Rb6 59. Rxf5 Rxa6 60. Kf4 Kb8 1-0

[Event "Busevec op U20 Girls"]
[Site "Busevec"]
[Date "2007.04.28"]
[Round "1"]
[White "Franciskovic, Borka"]
[Black "Sambolec, Andreja"]
[Result "1/2-1/2"]
[WhiteElo "2227"]
[BlackElo "1851"]
[PlyCount "107"]
[EventDate "2007.04.28"]
[EventType "swiss"]
[EventRounds "7"]
[EventCountry "CRO"]
[SourceTitle "EXT 2009"]
[Source "ChessBase"]
[SourceDate "2008.11.26"]
[SourceVersion "1"]
[SourceVersionDate "2008.11.26"]
[SourceQuality "1"]

1. c4 f5 2. g3 Nf6 3. Bg2 g6 4. Nc3 Bg7 5. Nf3 d6 6. 0-0 e5 7. d3 0-0 8. Rb1 a5 9. a3 Nc6 10. b4 axb4 11. axb4 Nh5 12. Bg5 Qd7 13. b5 Ne7 14. Qb3 h6 15. Bd2 f4 16. Nd5 Nxd5 17. cxd5 fxg3 18. hxg3 Qf7 19. b6 cxb6 20. Be3 Nf6 21. Nh2 Bf5 22. Qxb6 Nxd5 23. Qxd6 Nxe3 24. fxe3 Rfd8 25. Qb4 Qa2 26. Rb2 Qa7 27. Qc4+ Kh8 28. d4 Rac8 29. Qb4 exd4 30. g4 Be6 31. Qe7 d3 32. Rxb7 Qxe3+ 33. Kh1 Rg8 34. exd3 Rce8 35. Qc7 Qxd3 36. Rf3 Qd1+ 37. Rf1 Qd2 38. Nf3 Qe2 39. Re1 Qc4 40. Qxc4 Bxc4 41. Ree7 Rxe7 42. Rxe7 Rd8 43. Ne5 Bxe5 44. Rxe5 Rd4 45. Re4 Rd1+ 46. Kh2 Bd5 47. Re8+ Kg7 48. Rd8 Bb3 49. Rxd1 Bxd1 50. Kg3 Kf6 51. Bc6 Kg5 52. Bd7 h5 53. gxh5 Bxh5 54. Be8 1/2-1/2

[Event "CRO-chT U20 16th"]
[Site "Sv Filip i Jakov"]
[Date "2007.04.15"]
[Round "11"]
[White "Sambolec, Andreja"]
[Black "Stocko, Josip"]
[Result "1-0"]
[WhiteElo "1851"]
[BlackElo "1817"]
[PlyCount "71"]
[EventDate "2007.04.10"]
[EventType "team-tourn"]
[EventRounds "11"]
[EventCountry "CRO"]
[SourceTitle "EXT 2010"]
[Source "ChessBase"]
[SourceDate "2010.11.25"]
[SourceVersion "1"]
[SourceVersionDate "2010.11.25"]
[SourceQuality "1"]

1. e4 e5 2. Nf3 Nc6 3. Bb5 Bc5 4. c3 d6 5. h3 Nf6 6. 0-0 a6 7. Ba4 0-0 8. d4 exd4 9. cxd4 Bb6 10. Nc3 h6 11. Re1 Bd7 12. Bc2 Re8 13. a3 Ne7 14. e5 dxe5 15. dxe5 Nh7 16. Nh4 Nc6 17. Qd3 Nf8 18. Qg3 Kh8 19. Nf5 Bxf5 20. Bxf5 Nd4 21. Be4 c6 22. Be3 Qe7 23. Rad1 Rad8 24. f4 Qc7 25. Kh1 Nde6 26. Bxb6 Qxb6 27. Rxd8 Rxd8 28. f5 Nc5 29. b4 Nxe4 30. Nxe4 Nd7 31. f6 Rg8 32. Qf4 Nxe5 33. fxg7+ Rxg7 34. Qxh6+ Kg8 35. Nf6+ Kf8 36. Rxe5 1-0

[Event "CRO-chT U20 15th"]
[Site "Sv Filip i Jakov"]
[Date "2006.04.21"]
[Round "7"]
[White "Starcevic, Kresimir"]
[Black "Sambolec, Andreja"]
[Result "1-0"]
[WhiteElo "2122"]
[BlackElo "1851"]
[PlyCount "52"]
[EventDate "2006.04.18"]
[EventType "team-tourn"]
[EventRounds "9"]
[EventCountry "CRO"]
[SourceTitle "CBM 111 Extra"]
[Source "ChessBase"]
[SourceDate "2006.05.09"]
[SourceVersion "1"]
[SourceVersionDate "2006.05.09"]
[SourceQuality "1"]

1. e4 c5 2. Nf3 d6 3. d4 cxd4 4. Nxd4 Nf6 5. Nc3 g6 6. Be3 Bg7 7. Be2 0-0 8. Qd2 Nc6 9. Nxc6 bxc6 10. Bh6 Qb6 11. Bxg7 Kxg7 12. b3 Bb7 13. f4 Rfd8 14. 0-0-0 c5 15. Bf3 Qb4 16. Rhe1 c4 17. Kb2 Rdc8 18. Qd4 Kg8 19. e5 dxe5 20. fxe5 Bxf3 21. gxf3 Ne8 22. Nd5 Qb7 23. Qh4 Kh8 24. e6 f6 25. Qh6 Ng7 26. Nxf6 exf6 1-0

[Event "CRO-chT U20 15th"]
[Site "Sv Filip i Jakov"]
[Date "2006.04.19"]
[Round "4"]
[White "Vucic, Mihovil"]
[Black "Sambolec, Andreja"]
[Result "1-0"]
[WhiteElo "1946"]
[BlackElo "1851"]
[PlyCount "47"]
[EventDate "2006.04.18"]
[EventType "team-tourn"]
[EventRounds "9"]
[EventCountry "CRO"]
[SourceTitle "CBM 111 Extra"]
[Source "ChessBase"]
[SourceDate "2006.05.09"]
[SourceVersion "1"]
[SourceVersionDate "2006.05.09"]
[SourceQuality "1"]

1. e4 c5 2. Nf3 d6 3. c3 Nf6 4. h3 Nc6 5. Bd3 g6 6. Bc2 Bg7 7. 0-0 0-0 8. d4 cxd4 9. cxd4 Nb4 10. Bb3 Qc7 11. a3 Nc6 12. Nc3 b6 13. Be3 Bb7 14. d5 Na5 15. Ba2 Ba6 16. Re1 Nb7 17. Rc1 Nc5 18. Bb1 Qd8 19. b4 Ncd7 20. Nd4 Ne5 21. b5 Bb7 22. Nc6 Qd7 23. Ne2 e6 24. f4 1-0

[Event "CRO-ch qual (Women)"]
[Site "Delnice"]
[Date "2005.11.19"]
[Round "3"]
[White "Sambolec, Andreja"]
[Black "Purgar, Ivona"]
[Result "1-0"]
[WhiteElo "1873"]
[BlackElo "1975"]
[PlyCount "79"]
[EventDate "2005.11.19"]
[EventType "swiss"]
[EventRounds "7"]
[EventCountry "CRO"]
[SourceTitle "CBM 109 Extra"]
[Source "ChessBase"]
[SourceDate "2006.01.03"]
[SourceVersion "2"]
[SourceVersionDate "2006.01.03"]
[SourceQuality "1"]

1. e4 c5 2. Nf3 d6 3. d4 cxd4 4. Nxd4 Nf6 5. Nc3 a6 6. Bc4 e6 7. 0-0 Be7 8. Be3 0-0 9. f4 Qc7 10. Bb3 Nc6 11. Qf3 Re8 12. Qg3 b5 13. Nxc6 Qxc6 14. e5 Nd7 15. f5 exf5 16. Bd5 Qc7 17. Bxa8 dxe5 18. Nd5 Qb8 19. Nxe7+ Rxe7 20. Bh6 Qb6+ 21. Be3 Qb8 22. Qh4 Nf6 23. Bf3 f4 24. Rad1 Bd7 25. Bc5 Re8 26. Rfe1 e4 27. Be2 Bc6 28. Rd6 f3 29. Rxc6 fxe2 30. Rxe2 Qe5 31. Qg3 Qxb2 32. Re1 Qxc2 33. Qd6 Qxa2 34. Rb6 h6 35. Rb8 Rxb8 36. Qxb8+ Kh7 37. Bd4 Qd2 38. Bf2 Ng4 39. Qg3 Nf6 40. Qe3 1-0